000 00306nam a2200121 i 4500
001 bg
245 0 _aWybrane wzorce i metody komparacji w elektrycznym miernictwie precyzyjnym.
260 _aWrocław,
_c1976.
040 _cBPK
041 _apol
942 _cKS
008 s pl f |000 0 pol
999 _c17114
_d17114
856 _uhttp://koha.tu.koszalin.pl/cgi-bin/koha/opac-detail.pl?biblionumber=17114
_yKatalog online BPK